000 00310nam a2200133Ia 4500
008 150201s2009 xx 000 0 und d
082 _a612
_bP09A
100 _aARORA,BHARTI
245 _aPRACTICAL MICROBIOLOGY
250 _a1ST
260 _bCBS
_aDELHI
_c2009
650 _aMICROBIOLOGY
942 _2ddc
_cBK
_019
999 _c1141
_d1141